Cumhuriyet Halk Partisi XIX. Kurultayı (Record no. 9342)

MARC details
000 -BAŞLIK
Sabit Uzunlukta Kontrol Alanı 01305na a2200385 4500
001 - KONTROL NUMARASI
Denetim Alanı 17783
003 - KONTROL NUMARASI IDENTIFIER
Denetim Alanı MIRAKIL
005 - SON İŞLEM TARİHİ VE ZAMANI
Denetim Alanı 20181213155243.0
008 - SABİT-BOY VERİ ELEMANLARI - GENEL BİLGİLER
Sabit Uzunlukta Kontrol Alanı 161104b tu 000 0
035 ## - SİSTEM KONTROL NUMARASI
Sistem Kontrol Numarası 17783
040 ## - KATALOGLAMA KAYNAK
Orijinal Kataloglama Ajansı Milas
Kataloglama Dili tur
Metne Dönüştürmek Ajansı TR-AnCHP
041 ## - DİL KODU
Metin / Ses Parça Veya Ayrı Başlığın Dil Kodu tur
082 ## - DEWEY ONLU SINIFLANDIRMA NUMARASI
Sınıflandırma Numarası CHP 324.2372
Ürün Numarası C36o 1968
090 ## - SINIFLAMA NUMARASI
Sınıflama Numarası CHP 324.2372 C36o 1968
111 ## - ANA GİRİŞ - TOPLANTI ADI
Giriş Elemanı Olarak Toplantı Adı Veya Yargı Alanı Adı CHP Olağan Kurultay
Toplantının Yeri Ankara
Toplantı Veya Antlaşma İmzalandığı Tarihi 18 Ekim 1968
Bölüm / Bölüm / Toplantı Sayısı 19.
222 ## - ANAHTAR ADI
Anahtar Başlık 19. Kurultay Parti Meclisi raporu
245 ## - BAŞLIK TABLOSU
Başlık Cumhuriyet Halk Partisi XIX. Kurultayı
Başlığın Kalan Parti Meclisi raporu
-- 18 Ekim 1968, Ankara
Sorumluluk Tablosu, Vb Cumhuriyet Halk Partisi
246 ## - UNVAN FORM VARYING
Başlık Doğru / Kısa Başlığı 19. Olağan Kurultay Parti Meclisi çalışma raporu
246 ## - UNVAN FORM VARYING
Başlık Doğru / Kısa Başlığı 19. Kurultay
246 ## - UNVAN FORM VARYING
Başlık Doğru / Kısa Başlığı 19. Olağan Kurultay
260 ## - YAYIN, DAĞITIM, VB
Yayın, Dağıtım, Vb Yeri Ankara
Yayıncı, Dağıtıcı, Vs Adı CHP
Yayın, Dağıtım, Vb Tarihi 1968
300 ## - FİZİKSEL TANIM
Kapsam 139 s.
Boyutlar 24 sm.
490 ## - SERİSİ TABLOSU
Seri Beyanı Cumhuriyet Halk Partisi yayınları
610 ## - KONU KATMA GİRİŞ - TOPLANTI ADI
Giriş Elemanı Olarak Kurumsal Ad Veya Yargı Alanı Adı Cumhuriyet Halk Partisi
610 ## - KONU KATMA GİRİŞ - TOPLANTI ADI
Giriş Elemanı Olarak Kurumsal Ad Veya Yargı Alanı Adı Cumhuriyet Halk Partisi
Genel Alt Bölüm Çalışma raporları
610 ## - KONU KATMA GİRİŞ - TOPLANTI ADI
Giriş Elemanı Olarak Kurumsal Ad Veya Yargı Alanı Adı Cumhuriyet Halk Partisi
Genel Alt Bölüm Kurultaylar
Kronolojik Alt Bölüm 1968
651 ## - KONU KATMA GİRİŞ - COĞRAFİ ADI
Coğrafi İsim Türkiye
Genel Alt Bölümü Siyaset ve yönetim
Kronolojik Alt Bölümü 1960-1970
740 ## - KATMA GİRİŞ - KONTROLSUZ İLGİLİ / ANALİTİK BAŞLIK
Kontrol Edilmeyen / İlgili Analitik Başlıktaki 19. Olağan Kurultay Parti Meclisi raporu
740 ## - KATMA GİRİŞ - KONTROLSUZ İLGİLİ / ANALİTİK BAŞLIK
Kontrol Edilmeyen / İlgili Analitik Başlıktaki CHP 19. Olağan Kurultayı
740 ## - KATMA GİRİŞ - KONTROLSUZ İLGİLİ / ANALİTİK BAŞLIK
Kontrol Edilmeyen / İlgili Analitik Başlıktaki 19. Kurultay
830 ## - SERİSİ EKLENDİ GİRİŞ - ÜNİFORM ADI
Üniforma Başlık CHP yayınları
942 ## - EKLENDİ GİRİŞ ELEMANLARI (KOHA)
Sınıflandırma Veya Raf Düzeni Kaynak Dewey Decimal Classification
Koha Öğesi Türü Books
999 ## - SİSTEM KONTROL NUMARALARI (KOHA)
Koha Biblionumber 9342
Koha Biblioitemnumber 9342
657 ## - INDEX SÜRE - İŞLEVİ
-- CHP kurultayları
657 ## - INDEX SÜRE - İŞLEVİ
-- CHP Olağan Kurultayları
Holdings
Kalıcı Konum Mevcut Konum Edinme Tarihi Edinim Kaynak Toplam Check-Out'Lar Tam Çağrı Numarası Barkod Tarih Son Görülme İtibaren Geçerli Fiyatlar Koha Öğesi Türü
CHP Kütüphanesi CHP Kütüphanesi 11/04/2016 Bağış   CHP 324.2372 C36o 1968 009074 11/04/2016 11/04/2016 Books